MDQL
is popping MORE tags! Check the
thread
!
Quizzes
Events
Quiz Creation
Community
Videos
Private Events
Remove Ads
Sign In
Join for FREE
Feedback
Dark Mode
Quiz Categories
Sports
Geography
Music
Movies
Television
Just For Fun
Miscellaneous
History
Literature
Language
Science
Gaming
Entertainment
Religion
Holiday
For Kids
Quiz Lab
Recent
Popular Today
Quiz Kudos Today
Editor Picks
Curator Picks
Quizzes by...
Day
Popularity
Type
Ratings
Length
Year
Community
Subscriptions
Recent Discussions
Orange Saloon
Badges
Playlists
Quests
Create
Leaderboards
Showdown
Live 5
Trivia Bingo
Activity
Puzzle Library
Sporcle Events
Private Events
Virtual Trivia
Globe League
Become a Host
Pub Owners
SporcleCon
Opinionation
Our Games
Videos
Blog
Mobile Apps
Partnerships
Remove Ads and Go Orange
Feedback
Music
Pop Music
The Beatles
Song
Album
Lyrics
Bands
Singers
Artist
Clip
Rock
Rap
Classical
Billboard
Country Music
Kpop
Taylor Swift
Music
Pop Music
The Beatles
Song
Album
Lyrics
Bands
Singers
Artist
Clip
Rock
Rap
Classical
Billboard
Country Music
Kpop
Taylor Swift
Random Quiz
Search Sporcle
×
Quiz Lab
Quiz Lab
Music
Rock
Type in answers that appear in a list
Type in answers that appear in a list
Classic
Best Score? Go Orange.
Weird Al Lyrics Stats
Can you name the Weird Al Lyrics?
By
SporcleEXP
10m
160 Questions
367 Plays
367 Plays
367 Plays
Comments
Comments
Give Quiz Kudos
Give Quiz Kudos
-
- Ratings
hide this ad
Replay
Link that replays current quiz
Next Quiz
Link to next quiz in quiz playlist
You Got
0%
They Got
Avg Score
31%
Avg Friend Score
Upgrade to see
Score Distribution
Jump to the score distribution portion of the page
Score
0/160
Timer
10:00
0
Plays Today
% Correct
a
94.6%
a
94.6%
a
94.6%
the
94.6%
and
94.6%
and
94.6%
I
94%
I
94%
I
94%
you
72.5%
You
72.5%
you
72.5%
you
72.5%
you
72.5%
You
72.5%
you
72.5%
you
72.5%
you
72.5%
you
72.5%
you
72.5%
you
72.5%
you
72.5%
you
72.5%
you
72.5%
You
72.5%
you
72.5%
you
72.5%
to
59.9%
on
50.1%
no
46.6%
eat
46.3%
go
46%
my
44.7%
my
44.7%
my
44.7%
want
42.5%
your
41.4%
your
41.4%
like
40.6%
like
40.6%
like
40.6%
like
40.6%
like
40.6%
like
40.6%
dont
38.4%
where
37.9%
for
37.9%
Have
37.1%
Have
37.1%
Have
37.1%
Have
37.1%
know
36.2%
know
36.2%
know
36.2%
% Correct
its
35.1%
its
35.1%
too
34.6%
too
34.6%
some
32.2%
Some
32.2%
some
32.2%
Some
32.2%
some
32.2%
How
30.8%
or
30.2%
or
30.2%
La
27.5%
La
27.5%
La
27.5%
La
27.5%
La
27.5%
La
27.5%
La
27.5%
La
27.5%
La
27.5%
La
27.5%
Would
26.7%
get
24.8%
get
24.8%
more
24.5%
more
24.5%
Lasagna
23.2%
lasagna
23.2%
lasagna
23.2%
lasagna
23.2%
Lasagna
23.2%
Lasagna
23.2%
Lasagna
23.2%
lasagna
23.2%
Lasagna
23.2%
Lasagna
23.2%
Lasagna
23.2%
any
22.6%
with
22.1%
with
22.1%
with
22.1%
now
21.8%
should
20.7%
good
17.4%
spaghetti
16.1%
luigi
15.8%
Luigi
15.8%
Luigi
15.8%
Mama
15%
okay
15%
cousin
15%
big
14.7%
maybe
14.4%
% Correct
about
14.4%
ya
14.4%
Thats
13.6%
pig
13.6%
gotta
13.4%
linguini
13.1%
beat
12.8%
skinny
12.5%
Nice
12.3%
sloppy
12.3%
nice
12.3%
calzone
12%
whats
11.7%
whats
11.7%
Whats
11.7%
getting
11.7%
Ravioli
10.9%
hard
10.6%
taste
10.1%
ready
9.8%
Mia
9.8%
mia
9.8%
minestrone
9.5%
marinara
9.5%
Marinara
9.5%
roly
9.5%
poly
9.5%
homemade
9.3%
magnifico
9%
matter
9%
matter
9%
matter
9%
Mamma
8.4%
suppers
8.2%
Bambino
8.2%
Bambino
8.2%
fettuccini
7.6%
mange
7.6%
mange
7.6%
paisan
7.6%
paisan
7.6%
Paisan
7.6%
zucchini
7.1%
Ah
6.8%
Ah
6.8%
Ah
6.8%
Ah
6.8%
Ah
6.8%
pass
6.3%
capisce
5.7%
Capisce
5.7%
Capisce
5.7%
Quiz Playlist
Details
Report
Send in Message
Add To Playlist
Classic:
Type in answers that appear in a list
Last Updated: Feb 16, 2017
Quiz Scoreboard
CHALLENGE
Sign Up to Join the Scoreboard
Show All
Scores
Hide
Comments
May contain spoilers
Recently Published
5x2 Blitz: Bands
by SL_Kpop136
Music
30s
Colored Red Africa Blitz
by spor1
Geography
30s
Find the 'City' Movie
by crazypaving
Movies
60s
More to Explore
Quiz From the Vault
Featured Blog Post
14 Easter Pick-up Lines to Find Eggs With
hide this ad
You Might Also Like...
Tags
Food Quiz
Lyrics Quiz
Pop Music Quiz
Rock Quiz
Classic Rock
Musician
Parody
polka
Weird Al Yankovic
Writer
Yankovic
Today's Top Quizzes in Music
Browse Music
hide this ad
Today's Top Quizzes in Rock
Browse Rock
Top Contributed Quizzes in Music
1
5X2 Blitz: Bands II
2
5X2 Blitz: The Beatles
3
Taylor Swift All Songs (2024)
4
5X2 Blitz: Billboard
5
Taylor Swift Logic Puzzle II
6
5X2 Blitz: Billboard II
7
5X2 Blitz: Singers
8
5X2 Blitz: Album
9
5X2 Blitz: Rock
10
5X2 Blitz: Lyrics
Explore More
Trending Topics
Anime
Marvel
Harry Potter
Crossword
Disney
NBA
Kpop
WWE
Soccer
The Office
Song
Puzzle
Country
Pokémon
NFL
hide this ad
More By:
SporcleEXP
Quiz
Plays
Rating
Category
Featured
Created
Harry Potter Deaths in Order Minefield
3,068,774
4.18
Literature
Jan 27, 2016
Sins, Dwarfs, and Spice Girls
847,321
4.42
Just For Fun
Apr 11, 2012
Ancient History Bunker
708,296
4.28
History
Jan 20, 2014
Movie Posters VI
679,085
4.37
Movies
Nov 12, 2010
Movie Posters VII
621,906
4.44
Movies
Apr 16, 2011
Go to Creator's Profile
Score Distribution
Quiz Creator Spotlight
SporcleEXP
Follow
Send a Message
Quizzes Created
-
Created Quiz Play Count
-
More By This Creator
Popular Quizzes Today
1
Colored Red Africa Blitz
2
Find the 'City' Movie
3
5x2 Blitz: Bands
4
Find the US States - No Outlines Minefield
5
The Countries of the World
6
Find the US States
7
US States
8
Find the Countries of Europe - No Outlines Minefield
More Music Quizzes
#1 Song to Artist Match-Up (1994)
Editor's Pick
Trending Quizzes
Colored Red Europe Blitz I
Colored Red Europe Blitz II
Colored Red Africa Blitz II
Colored Red Europe Blitz III
Colored Red Africa Blitz III
Recently Updated
How Do You Spell That?
pecheneg
Godzilla Movies
pecheneg
Grab Bag: 4-10 Letters
pecheneg
2024 March Madness Bracket
pecheneg
Famous TV Couples
Peacemaker
Champions League XIs: Real Madrid
pecheneg
Largest US Cities 1790-2010
pecheneg
Rides in Walt Disney World
pecheneg
Most Oscar Losses (Acting)
pecheneg
Beyoncé Albums
pecheneg
Trending Topics
Anime
Crossword
Disney
Kpop
NBA
Harry Potter
Marvel
Country
Soccer
The Office
Puzzle
NFL
Pokémon
WWE
Song
Your Account Isn't Verified!
In order to create a playlist on Sporcle, you need to verify the email address you used during registration. Go to your
Sporcle Settings
to finish the process.
Report this User
Report this user for behavior that violates our
Community Guidelines
.
Details:
Send Report
Go to the Sporcle.com Mobile Site →
Comments